Central Library OPAC University of Rajshahi

الملك والنحل ;; al mulk wal nahl / (Record no. 78008)

MARC details
000 -LEADER
fixed length control field 01110aaa a2200241 4500
001 - CONTROL NUMBER
control field 78008
003 - CONTROL NUMBER IDENTIFIER
rucl marc code BD-RjUL
005 - DATE AND TIME OF LATEST TRANSACTION
control field 20211209083058.0
008 - FIXED-LENGTH DATA ELEMENTS--GENERAL INFORMATION
fixed length control field 210302s1990 u ||||| |||| 00| 0 ara d
035 ## - SYSTEM CONTROL NUMBER
System control number (BD-RjUL)78234
040 ## - CATALOGING SOURCE
Original cataloging agency BD-RjUL
Language of cataloging eng
Transcribing agency BD-RjUL
041 ## - LANGUAGE CODE
Language code of text/sound track or separate title ara
082 ## - DEWEY DECIMAL CLASSIFICATION NUMBER
Edition number 23
Classification number 297.01
Author mark and year SHM 1990
100 ## - MAIN ENTRY--PERSONAL NAME
Personal name الشهرستانى, أبى الفتح محمد بن عبدالكريم ;; Shahristani, Abu Al-Fath Muhammad bin Abdul-Karim
9 (RLIN) 245462
245 ## - TITLE STATEMENT
Title الملك والنحل ;; al mulk wal nahl /
Statement of responsibility, etc. أبى الفتح محمد بن عبدالكريم بن أبى بكر أحمد الشهرستانى ؛ تحقيق ابي محمد محمدبن فريد ;; Abi Al-Fath Muhammad bin Abdul Karim bin Abi Bakr Ahmed Al-Shahristani; Achievement of Abu Muhammad Bin Farid
260 ## - PUBLICATION, DISTRIBUTION, ETC. (IMPRINT)
Place of publication, distribution, etc. القاهرة :
Name of publisher, distributor, etc. المكتبة التوفيقية ,
Date of publication, distribution, etc. ١٩٩٠
300 ## - PHYSICAL DESCRIPTION
Pagination v. ;
500 ## - GENERAL NOTE
General note Includes Index
600 ## - SUBJECT ADDED ENTRY--PERSONAL NAME
Personal name Shahrastānī, Muḥammad ibn ʻAbd al-Karīm,
Dates associated with a name 1086?-1153.
650 ## - SUBJECT ADDED ENTRY--TOPICAL TERM
Topical term or geographic name as entry element Milal wa-al-niḥal.
9 (RLIN) 245464
Topical term or geographic name as entry element Islamic sects.
9 (RLIN) 245465
942 ## - ADDED ENTRY ELEMENTS (KOHA)
Source of classification or shelving scheme Dewey Decimal Classification
Koha item type Books
Holdings
Lost status Source of classification or shelving scheme Damaged status Not for loan Collection code Permanent Location Current Location Shelving location Date acquired Source of acquisition Cost, normal purchase price Total Checkouts Full call number Date last seen Copy number Koha item type
  Dewey Decimal Classification   Not For Loan Non-fiction Central Library, University of Rajshahi Central Library, University of Rajshahi Reading Room 18/11/2009 Ahsania mission , Dhaka 400.00   A 297.01 SHM V-1 1990 02/03/2021 C-1 Books